| 000 | 00716cam a2200265 a 4500 | ||
|---|---|---|---|
| 001 | 16683842 | ||
| 005 | 20180829042223.0 | ||
| 008 | 110308s2010 njua 001 0 eng | ||
| 010 | _a 2011288013 | ||
| 020 | _a9789814295444 (hbk.) | ||
| 020 | _a9814295442 (hbk.) | ||
| 020 | _a9789814295451 (pbk.) | ||
| 020 | _a9814295450 (pbk.) | ||
| 040 |
_aDLC _cDLC |
||
| 041 | _aeng | ||
| 042 | _apcc | ||
| 080 | _a530 | ||
| 082 | _2530 | ||
| 100 | 1 | _a43 | |
| 101 | _afiz | ||
| 245 | 1 | 0 |
_aPhysics over easy : _cLeonid V. Azároff. |
| 906 |
_a7 _bcbc _corigcop _d2 _encip _f20 _gy-gencatlg |
||
| 942 |
_2ddc _cBK |
||
| 999 |
_c47379 _d47379 |
||